000 01066nam a2200241 i 4500
001 122277
003 ES-MaACL
005 20250603173408.0
007 t|
008 061121s1904 sp |||| | spa d
100 1 _aSan Bernardo, Manuel Mariátegui y Vinyals,
_cConde de,
_dm. 1905
_976695
245 1 3 _aEl problema social agrario en España
_b: tercera conferencia sobre el referido tema dada en el Ateneo de Madrid ante Su Majestad Don Alfonso XIII, el 25 de mayo 1904 /
_cpor el Conde de San Bernardo.
260 _aMadrid :
_b[s.n.],
_c1904 (
_fImp. de los Hijos de M.G. Hernández)
300 _a35 p. :
_bil. ;
_c22 cm.
500 _aPrecede al tit.: Cámara Agrícola de Madrid y Asociación de Agricultores de España.
610 2 4 _aAteneo de Madrid-
_vConferencias-
_y1900-1939
_91907
651 7 _aEspaña-
_xCondiciones rurales
_2
_9151813
710 2 _aAteneo de Madrid.
_91875
710 2 _aCámara Agrícola de Madrid.
_92354
710 2 _aAsociación de Agricultores de España.
_91550
852 _aES-MaACL
_jT-1036-F-10
999 _c122277
_d122277